000 01055nmm a2200313 a 4500
001 ocm000884783
003 TR-IsHL
005 20201028143808.0
008 141121s2014 tu tur
007 cr cn
020 _a9786055032050
035 _a884783
_b(N$T)
050 0 4 _aB3313.T8
_b.D43 2014
090 0 4 _aB3313.T8
_b.D43 2014
100 1 _aNietzsche, Friedrich Wilhelm
245 1 0 _aDeccal
_h[electronic resource] /
_cFriedrich Wilhelm Nietzsche ; çev. Korkut Ata
260 _aİstanbul :
_bAvrupa Yakası Yayınları,
_c2014
300 _a129 p.
650 4 _aFelsefe, Psikoloji ve Din
650 4 _aPhilosophy, Psychology and Religion
650 0 _aNietzsche, Friedrich Wilhelm, 1844-1900.
650 0 _aFelsefe
650 0 _aPhilosophy
650 0 _aHristiyanlık
_xTartışmalı edebiyat
650 0 _aChristianity
_xControversial literature
650 7 _aPHILOSOPHY / Religious
_2bisacsh
700 1 _aAta, Korkut
856 4 0 _uhttp://search.ebscohost.com/login.aspx?direct=true&scope=site&db=e011xww&AN=884783
999 _c9090
_d9090